Kalau ada cinta

Bibliographic Details
Main Author: Hana Emi Husna
Format: Book
Published: Selangor : Buku Prima , 2006
Subjects:

MARC

LEADER 00000cam a2200000 7i4500
001 0000028528
005 20091210.0
008 091210
020 |a 9833669123 
090 0 0 |a HAN   |b MAL 
100 1 |a Hana Emi Husna 
245 1 0 |a Kalau ada cinta   |c Hana Emi Husna 
260 |a Selangor :   |b Buku Prima ,   |c 2006 
650 0 |a Malay fiction 
999 |a 0001057942   |b Book   |c Adult Collection   |e Perbadanan Perpustakaan Awam Johor 
999 |a 0001057944   |b Book   |c Adult Collection   |e Perbadanan Perpustakaan Awam Johor